000 00228nam a22000857a 4500
008 160704b xxu||||| |||| 00| 0 eng d
100 _92007
_a Goyal, G.C
245 _aDelighting Jokes
260 _aNew Delhi
_bDiamond Publications
_c2003
999 _c1706
_d1706